| 000 | 00601nam a2200217Ia 4500 | ||
|---|---|---|---|
| 005 | 20250508164142.0 | ||
| 008 | 008 250505s9999 xx 000 0 eng d | ||
| 020 | _a0-7456-3093-6 | ||
| 037 | _aReference | ||
| 040 |
_aFEDL _beng _cFEDL |
||
| 041 |
_aeng _2eng |
||
| 084 |
_a320, HAY _qFEDL |
||
| 100 | _aHaynes Jeffrey | ||
| 245 | 0 | _aComparative politics in a globalizing world | |
| 260 |
_aCambridge _bPolity Press _c2005 |
||
| 300 | _axi,351p. | ||
| 365 |
_aGBP _b18.99 |
||
| 650 |
_aPolitical science; Civics _9777497 |
||
| 942 |
_cREF _h320, HAY |
||
| 999 |
_c1387338 _d1387338 |
||